CLINICAL EXAMINATION;A PRACTICAL GUIDE IN MEDICINE (Record no. 216842)

MARC details
000 -LEADER
fixed length control field 00529nam a22001697a 4500
008 - FIXED-LENGTH DATA ELEMENTS--GENERAL INFORMATION
fixed length control field 260318b |||||||| |||| 00| 0 eng d
020 ## - INTERNATIONAL STANDARD BOOK NUMBER
International Standard Book Number 978-93-5025-363-2
050 ## - LIBRARY OF CONGRESS CALL NUMBER
Classification number RC 71.H57 2011
100 ## - MAIN ENTRY--PERSONAL NAME
Personal name HIRA SINGH HARMANJIT
245 ## - TITLE STATEMENT
Title CLINICAL EXAMINATION;A PRACTICAL GUIDE IN MEDICINE
260 ## - PUBLICATION, DISTRIBUTION, ETC.
Place of publication, distribution, etc. NEW DELHI
Name of publisher, distributor, etc. JAYPEE BROTHERS MEDICAL PUBLISHERS
Date of publication, distribution, etc. 2011
300 ## - PHYSICAL DESCRIPTION
Extent X,515
500 ## - GENERAL NOTE
General note INCLUDES AN INDEX
700 ## - ADDED ENTRY--PERSONAL NAME
Personal name Physical diagnosis textbooks-clinical medicine textbooks
942 ## - ADDED ENTRY ELEMENTS (KOHA)
Source of classification or shelving scheme Library of Congress Classification
Koha item type Long Loan Book
Holdings
Withdrawn status Lost status Source of classification or shelving scheme Damaged status Not for loan Collection Home library Current library Shelving location Date acquired Inventory number Total checkouts Full call number Barcode Date last seen Copy number Price effective from Koha item type
    Library of Congress Classification     Medicine Kisii University Library Kisii University Library On Display 03/18/2026 112458   RC 71.H57 2011 A000134 03/18/2026 C.3 03/18/2026 Long Loan Book
    Library of Congress Classification     Medicine Kisii University Library Kisii University Library On Display 03/18/2026 112457   RC 71.H57 2011 A000131 03/18/2026 C.2 03/18/2026 Long Loan Book
    Library of Congress Classification     Medicine Kisii University Library Kisii University Library On Display 03/18/2026 112456   RC 71.H57 2011 A000132 03/18/2026 C.1 03/18/2026 Long Loan Book
    Library of Congress Classification     Medicine Kisii University Library Kisii University Library On Display 04/20/2026 112969   RC 71 .H57 2011 a001866 04/20/2026 4 04/20/2026 Long Loan Book